ASOIAF North or South? Quiz Stats

Quiz not verified by Sporcle

Challenge
Share
Tweet
Embed
Score 0/30 Timer 03:00
0 Plays Today
Location N/S % Correct
Whispering Wood???
83.4%
The Bite???
80%
Goldengrove???
76.6%
Maidenpool???
75.7%
Greenblood???
74.5%
Bay of Crabs???
73.6%
Kingswood???
73.2%
Duskendale???
71.1%
Milkwater???
68.9%
Heart's Home???
67.2%
Torentine???
66.8%
Rosby???
66%
Cape Wrath???
66%
Stoney Sept???
65.1%
Lonely Light???
64.7%
Location N/S % Correct
Sea Dragon Point???
64.3%
Old Oak???
63.8%
Blackhaven???
63%
Hardstone Hills???
61.3%
Blackmont???
60.4%
Mistwood???
59.6%
Pebbleton???
57.4%
Iron Oaks???
57%
Tumblestone???
54.9%
Ramsgate???
53.6%
Tumbleton???
52.8%
Hornvale???
51.9%
Antler River???
51.1%
Crakehall???
42.6%
Sable Hall???
41.7%

You're not logged in!

Compare scores with friends on all Sporcle quizzes.
Sign Up with Email
OR
Log In

You Might Also Like...

Show Comments

Extras

Top Quizzes Today


Score Distribution

Your Account Isn't Verified!

In order to create a playlist on Sporcle, you need to verify the email address you used during registration. Go to your Sporcle Settings to finish the process.